000 00792nam a22002897a 4500
001 BR2025005285
003 BR-BrBNA
005 20251219155156.0
008 251219b bl.||||| |||| 00| 0 por d
020 _a978-65-5541-484-4
040 _aBR-BrBNA
_bpor
072 _aE14
090 _aE14 BR2025005285
100 0 _aLeite, Iara
245 _aCooperação internacional
_bColeção relações internacionais
260 _aSão Paulo, SP (Brasil)
_bContexto
_c2024
300 _a144 p.
500 _a10 ref.; 2 illus.; 5 tables
650 _aCOOPERAÇÃO INTERNACIONAL
650 _aPOLÍTICA DO ESTADO
650 _aENERGIA NUCLEAR
650 _aPOLÍTICA ALIMENTAR
650 _aPOLÍTICA AMBIENTAL
650 _aSAÚDE
909 _a202512
_bFernando
942 _cBK
999 _c339510
_d339510